000 00844cam a22002771 4500
001 sa 68002902
003 DLC
005 20260227112447.0
008 850406s1966 ii 000 0 tamx
010 _asa 68002902
020 _cRs2.75
025 _aPL480:I-T-1966
035 _a(OCoLC)13886043
040 _aDLC
_cNN
_dDLC
043 _aa-ii---
050 0 0 _aPL4758.05
_b.B28
100 1 _aPālacuppiramaṇiyan̲, Ci.,
_d1935-1998.
245 1 0 _aKārum tērum.
_c[El̲utiyavar] Ci. Pālacuppiramaṇiyan̲.
250 _a[1. patippu]
260 _aCen̲n̲ai,
_bvir̲pan̲ai urimai: Pāri Nilaiyam
_c[1966]
300 _a144 p.
_c18 cm.
490 0 _aNar̲umalarp Patippaka veḷiyīṭ.
500 _aIn Tamil.
650 0 _aTamil literature
_xHistory and criticism.
650 0 _aTamil (Indic people)
_xSocial life and customs.
999 _c79074
_d79074